| 000 | 00952nam a2200181Ia 4500 | ||
|---|---|---|---|
| 008 | 090630s9999 xx 000 0 und d | ||
| 082 | _b29023 | ||
| 100 | _aसंपा. भोळे भास्कर लक्ष्मण. | ||
| 245 |
_aएकोणिसाव्या शतकातील मराठी गद्य खंड 2 रा. _cसंपा. भोळे भास्कर लक्ष्मण. |
||
| 260 |
_bसाहित्य अकादमी. _c2006 |
||
| 300 | _a189 | ||
| 600 | _aसंपा. भोळे भास्कर लक्ष्मण. | ||
| 630 | _aएकोणिसाव्या शतकातील मराठी गद्य खंड 2 रा. | ||
| 655 | _aइतर. | ||
| 700 | _aसंपा. भोळे भास्कर लक्ष्मण. | ||
| 730 | _aएकोणिसाव्या शतकातील मराठी गद्य खंड 2 रा. | ||
| 942 | _cBOOK | ||
| 999 |
_c280879 _d280879 |
||